[Event "46th GRE-chT Premier 2018"]
[Site "Rio Achaia"]
[Date "2018.07.11"]
[Round "3"]
[White "Tsolakidou, Stavroula"]
[Black "Vozinaki, Anthi - Maria"]
[Result "1-0"]
[WhiteElo "2423"]
[BlackElo "1971"]
[Annotator "NA RC"]
[PlyCount "83"]
[EventDate "2018.07.10"]
[EventType "team-tourn"]
[EventCountry "GRE"]
[SourceTitle "playchess.com"]
[Source "ChessBase"]
[SourceQuality "1"]
[TimeControl "40/5400+30:1800+30"]

1. Nf3 {[%emt 0:00:00]} Nf6 {[%emt 0:01:06]} 2. c4 {[%emt 0:00:00]} c5 {[%emt 0:00:07]} 3. d4 {[%emt 0:00:00]} cxd4 {[%emt 0:00:20]} 4. Nxd4 {[%emt 0:00:02]} e5 {[%emt 0:00:06]} 5. Nb5 {[%emt 0:00:09]} d5 {[%emt 0:00:10]} 6. cxd5 {[%emt 0:00:10]} Bc5 {[%emt 0:00:10]} 7. N5c3 {[%emt 0:00:33]} O-O {[%emt 0:00:21]} 8. g3 {[%emt 0:00:14]} Qb6 {[%emt 0:00:13]} 9. e3 {[%emt 0:00:16]} Bg4 {[%emt 0:00:19]} 10. Be2 {[%emt 0:00:43]} Bxe2 {[%emt 0:00:11]} 11. Qxe2 {[%emt 0:00:06]} e4 {[%emt 0:05:59]} 12. a3 {[%emt 0:00:21]} a6 {[%emt 0:08:08]} 13. Nd2 {[%emt 0:04:04]} Re8 {[%emt 0:18:00]} 14. g4 {[%emt 0:27:44]} Qd8 {[%emt 0:12:55]} 15. b4 {[%emt 0:11:43]} Bf8 {[%emt 0:08:25]} 16. Bb2 {[%emt 0:02:52]} Nxd5 {[%emt 0:04:16]} 17. Ncxe4 {[%emt 0:00:23]} Nc6 {[%emt 0:02:54]} 18. Rd1 {[%emt 0:03:26]} Qc7 {[%emt 0:07:01]} 19. O-O {[%emt 0:09:32]} b5 {[%emt 0:08:13]} 20. Qf3 {[%emt 0:07:02]} Ne5 {[%emt 0:05:11]} 21. Qh3 {[%emt 0:10:56]} Qc8 {[%emt 0:05:10]} 22. Bxe5 {[%emt 0:03:34]} Rxe5 {[%emt 0:00:11]} 23. Ng3 {[%emt 0:03:01]} Re6 {[%emt 0:01:59]} 24. Nf3 {[%emt 0:01:09]} Nb6 {[%emt 0:02:45]} 25. Nf5 {[%emt 0:05:11]} Rf6 {[%emt 0:03:32]} 26. Ng5 {[%emt 0:03:43]} h6 {[%emt 0:00:44]} 27. Ne4 {[%emt 0:00:03]} Rg6 {[%emt 0:00:40]} 28. Qf3 {[%emt 0:01:50]} Nc4 {[%emt 0:01:00]} 29. Qf4 {[%emt 0:00:03]} Qe6 {[%emt 0:02:10]} 30. h4 {[%emt 0:01:25]} Ne5 {[%emt 0:01:43]} 31. f3 {[%emt 0:00:04]} h5 {[%emt 0:00:48]} 32. Ng5 {[%emt 0:00:15]} Qe8 {[%emt 0:00:34]} 33. gxh5 {[%emt 0:00:44]} Rc6 {[%emt 0:00:27]} 34. Qe4 {[%emt 0:01:02]} g6 {[%emt 0:00:40]} 35. hxg6 {[%emt 0:00:50]} fxg6 {[%emt 0:00:21]} 36. Qd5+ {[%emt 0:01:04]} Kh8 {[%emt 0:00:22]} 37. Qxe5+ {[%emt 0:00:32]} Qxe5 {[%emt 0:00:09]} 38. Nf7+ {[%emt 0:00:02]} Kg8 {[%emt 0:00:36]} 39. Nxe5 {[%emt 0:00:05]} Re6 {[%emt 0:00:20]} 40. Nxg6 {[%emt 0:00:00]} Rxg6+ {[%emt 0:00:00]} 41. Kf2 {[%emt 0:01:53]} Rc8 {[%emt 0:00:46]} 42. e4 {[%emt 0:02:14]} 1-0

[Event "46th GRE-chT Premier 2018"]
[Site "Rio Achaia"]
[Date "2018.07.11"]
[Round "3"]
[White "Malikentzos, Sotirios"]
[Black "Alexiadis, Hristos"]
[Result "1/2-1/2"]
[WhiteElo "2420"]
[BlackElo "2244"]
[Annotator "NA"]
[PlyCount "73"]
[EventDate "2018.07.10"]
[EventType "team-tourn"]
[EventCountry "GRE"]
[SourceTitle "playchess.com"]
[Source "ChessBase"]
[SourceQuality "1"]
[TimeControl "40/5400+30:1800+30"]

1. Nf3 {[%emt 0:00:00]} Nf6 {[%emt 0:00:17]} 2. g3 {[%emt 0:00:00]} d5 {[%emt 0:00:28]} 3. Bg2 {[%emt 0:00:00]} c6 {[%emt 0:00:24]} 4. O-O {[%emt 0:00:00]} Bg4 {[%emt 0:00:52]} 5. h3 {[%emt 0:00:17]} Bh5 {[%emt 0:02:05]} 6. c4 {[%emt 0:00:55]} e6 {[%emt 0:00:40]} 7. d4 {[%emt 0:00:11]} Nbd7 {[%emt 0:03:07]} 8. cxd5 {[%emt 0:00:31]} cxd5 {[%emt 0:00:32]} 9. Nc3 {[%emt 0:00:48]} Bd6 {[%emt 0:01:34]} 10. Qb3 {[%emt 0:11:53]} Qb6 {[%emt 0:00:38]} 11. e4 {[%emt 0:16:46]} Nxe4 {[%emt 0:33:33]} 12. Nxe4 {[%emt 0:00:33]} dxe4 {[%emt 0:00:13]} 13. Ng5 {[%emt 0:00:16]} Bg6 {[%emt 0:02:09]} 14. Nxe4 {[%emt 0:02:28]} Bxe4 {[%emt 0:00:49]} 15. Bxe4 {[%emt 0:00:03]} Rb8 {[%emt 0:07:50]} 16. Qa4 {[%emt 0:05:01]} Qa6 {[%emt 0:03:26]} 17. Qc2 {[%emt 0:01:43]} Nf6 {[%emt 0:02:45]} 18. d5 {[%emt 0:09:02]} Nxe4 {[%emt 0:10:20]} 19. Qxe4 {[%emt 0:01:38]} e5 {[%emt 0:00:13]} 20. Qg4 {[%emt 0:00:46]} g6 {[%emt 0:01:16]} 21. Bh6 {[%emt 0:01:55]} f5 {[%emt 0:02:23]} 22. Qg5 {[%emt 0:00:32]} Kf7 {[%emt 0:00:38]} 23. Qd2 {[%emt 0:07:03]} Rbc8 {[%emt 0:00:51]} 24. Be3 {[%emt 0:00:15]} Rhe8 {[%emt 0:00:47]} 25. Rfc1 {[%emt 0:03:27]} Qa4 {[%emt 0:01:36]} 26. b3 {[%emt 0:02:21]} Qb5 {[%emt 0:05:32]} 27. a4 {[%emt 0:05:47]} Rxc1+ {[%emt 0:04:05]} 28. Rxc1 {[%emt 0:00:06]} Qxb3 {[%emt 0:00:11]} 29. Bc5 {[%emt 0:00:14]} Bxc5 {[%emt 0:00:56]} 30. Rxc5 {[%emt 0:00:42]} Qb6 {[%emt 0:00:04]} 31. Rb5 {[%emt 0:02:15]} Qc7 {[%emt 0:04:55]} 32. d6 {[%emt 0:02:57]} Qc6 {[%emt 0:00:01]} 33. Qb4 {[%emt 0:03:36]} b6 {[%emt 0:01:41]} 34. a5 {[%emt 0:00:33]} Qc1+ {[%emt 0:00:54]} 35. Kg2 {[%emt 0:09:09]} Qc6+ {[%emt 0:00:29]} 36. Kh2 {[%emt 0:00:17]} Qc2 {[%emt 0:00:09]} 37. Kg2 {[%emt 0:01:35]} 1/2-1/2

[Event "46th GRE-chT Premier 2018"]
[Site "Rio Achaia"]
[Date "2018.07.11"]
[Round "3"]
[White "Secheres, Adrian-Simion"]
[Black "Nedev, Trajko"]
[Result "1/2-1/2"]
[WhiteElo "2415"]
[BlackElo "2490"]
[Annotator "TA"]
[PlyCount "51"]
[EventDate "2018.07.10"]
[EventType "team-tourn"]
[EventCountry "GRE"]
[SourceTitle "playchess.com"]
[Source "ChessBase"]
[SourceQuality "1"]

{[%evp 20,51,0,7,16,0,-4,0,6,-23,-28,-30,8,0,12,-12,-12,-12,-12,-12,-12,-56,-61,-109,0,0,0,0,0,0,0,0,0,0]} 1. d4 Nf6 2. c4 g6 3. Nc3 Bg7 4. e4 d6 5. Be2 O-O 6. Bg5 Na6 7. f4 c6 8. Qd2 {E73: Königsindisch (Awerbach-Angriff)} d5 9. exd5 cxd5 10. Bxf6 exf6 11. Nxd5 {LiveBook: 5 Partien} b5 12. Nf3 bxc4 13. Ne3 {[#]} Re8 $146 ({Vorgänger:} 13... Nc7 14. Bxc4 Qd6 15. g3 Bb7 {½-½ (62) Jaulneau,C (2542)-Perevertkin,V (2609) ICCF email 2014}) 14. Kf2 Rb8 15. Rac1 g5 (15... Bb7 {is interesting.} 16. Nxc4 Nb4 17. a3 Nd5 18. Rhe1 Qd7) 16. Bxc4 g4 17. Nxg4 Bxg4 18. Bxa6 Bxf3 19. gxf3 f5 20. Rhg1 Kh8 21. Rcd1 Qxd4+ (21... Qh4+ $17 22. Kg2 Red8) 22. Qxd4 $11 {Die Stellung ist ausgeglichen.} Bxd4+ 23. Rxd4 Rxb2+ 24. Kf1 {[#] zielt auf Tg2 ab.} Rb1+ 25. Kf2 Rb2+ 26. Kf1 1/2-1/2

[Event "46th GRE-chT Premier 2018"]
[Site "Rio Achaia"]
[Date "2018.07.11"]
[Round "3"]
[White "Papadopoulos, Ioannis K"]
[Black "Papadopoulos, Argirios"]
[Result "1-0"]
[WhiteElo "2410"]
[BlackElo "2256"]
[Annotator "TA"]
[PlyCount "71"]
[EventDate "2018.07.10"]
[EventType "team-tourn"]
[EventCountry "GRE"]
[SourceTitle "playchess.com"]
[Source "ChessBase"]
[SourceQuality "1"]

{[%evp 19,71,0,0,0,0,-5,18,24,28,37,32,14,35,20,22,22,22,29,25,19,17,12,13,13,31,24,32,29,22,0,40,40,86,83,77,77,73,68,83,71,87,41,451,464,1076,1038,2055,1948,29981,29982,29982,29983,29992,29984]} 1. Nf3 Nf6 2. g3 b5 3. Bg2 Bb7 4. d4 e6 5. O-O Be7 6. c3 O-O 7. a4 b4 8. a5 c5 9. cxb4 {A46: 1 d4 Nf6 2 Nf3 e6: Torre, London and Colle Systems} cxb4 10. Nbd2 {[%cal Bb1d2,Bd2f3,Bf3g5][%mdl 32]} d5 {LiveBook: 3 Games} 11. Ne5 {The position is equal.} (11. Nb3 Ba6 12. Ne5 Nfd7 13. Be3 Nxe5 14. dxe5 Nc6 15. f4 {0-1 (92) Kravtsiv,M (2621)-Moiseenko,A (2692) Berlin 2015}) 11... Nfd7 12. Ndf3 $146 ({Predecessor:} 12. Nd3 Nc6 13. Nb3 Ba6 14. e4 dxe4 15. Bxe4 {1-0 (39) Mikaelyan,A (2257)-Kraus,T (2370) Budva 2013}) 12... Bd6 13. Bf4 {Nxf7! is the strong threat.} Nxe5 14. dxe5 Bc5 15. Qc2 Na6 16. Ng5 {[%csl Gg5][%cal Rc2h7] [#]} g6 17. h4 Rc8 18. Qd2 Be7 19. Rfd1 Nc5 {[#] Threatens to win with ...Nb3.} 20. Qe3 $1 Ba6 21. Nf3 Bc4 {Strongly threatening ...Nb3.} 22. Nd4 b3 23. Bh6 Re8 24. h5 Bf8 25. hxg6 hxg6 26. Bxf8 Rxf8 27. Qh6 Qe7 28. f4 $40 {[%mdl 128] White has some attack.} Rfe8 29. Kf2 {White wants to mate with Rh1.} Qf8 30. Qg5 {And now Rh1 would win.} Qg7 $2 {[%mdl 8192]} (30... Qe7 $1 $14) 31. Rh1 $18 Nd7 (31... Rf8 $142 32. Rh6 f6 33. Qxg6 Qxg6 34. Rxg6+ Kf7) 32. Rh6 Nf8 33. Rah1 Nh7 34. Qh4 {White mates.} g5 35. Qh5 gxf4 36. gxf4 {Precision: White = 84%, Black = 44%.} 1-0

[Event "46th GRE-chT Premier 2018"]
[Site "Rio Achaia"]
[Date "2018.07.11"]
[Round "3"]
[White "Kanakaris, Georgios"]
[Black "Mihok, Oliver"]
[Result "0-1"]
[WhiteElo "2409"]
[BlackElo "2550"]
[Annotator "TA"]
[PlyCount "119"]
[EventDate "2018.07.10"]
[EventType "team-tourn"]
[EventCountry "GRE"]
[SourceTitle "playchess.com"]
[Source "ChessBase"]
[SourceQuality "1"]

{[%evp 17,119,0,-11,-56,-1,-58,-56,-66,-6,-19,-5,0,-4,-43,-43,-85,-35,-38,-31,-53,-14,-9,-8,-14,-10,-48,-15,-20,-20,-19,-35,-208,-194,-217,-190,-211,-208,-234,-202,-200,-204,-207,-208,-289,-272,-281,-268,-268,-268,-268,-266,-244,-247,-330,-235,-243,-247,-238,-212,-207,-185,-318,-318,-321,-316,-276,-200,-195,-180,-193,-167,-337,-318,-553,-538,-625,-619,-607,-613,-603,-607,-651,-651,-637,-637,-629,-629,-620,-616,-607,-606,-587,-577,-541,-517,-490,-433,-607,-481,-481,-481,-443,-425,-29975]} 1. d4 Nf6 2. c4 g6 3. Nc3 Bg7 4. g3 O-O 5. Bg2 d6 6. e3 e5 7. Nge2 c6 8. O-O Re8 9. d5 e4 {LiveBook: 3 Games. E61: King's Indian: Early deviations for White, including Smyslov System} 10. h3 (10. dxc6 Nxc6 11. Nd4 Bg4 12. Qc2 Qd7 13. Nxc6 Qxc6 14. h3 Bf3 15. Bxf3 exf3 16. Qd3 Rac8 17. Rd1 {0-1 (36) Dimitrov,R (2380)-Saric,I (2584) Chotowa 2010}) 10... h5 (10... cxd5 $15 11. cxd5 b6) 11. b4 $146 (11. dxc6 $11 Nxc6 12. b3) ({Predecessor:} 11. dxc6 bxc6 12. b3 d5 13. Qc2 dxc4 14. Rd1 cxb3 15. axb3 Qe7 16. Ra4 Bf5 17. Nd4 {1-0 (57) Sevo,D (2238)-Dimitrijevic,N (2197) Stari Banovci 2013}) 11... a5 $15 {Black is slightly better.} 12. bxa5 cxd5 (12... Qxa5 $15 13. Rb1 Nbd7) 13. cxd5 Rxa5 14. Rb1 Na6 15. Rb5 Nc5 16. Nd4 Bd7 {Strongly threatening ...Nxd5!} 17. Rxa5 $1 Qxa5 18. Bd2 Qa6 19. Qc2 Re5 20. Rb1 Qa8 21. Ndb5 Qb8 22. Na3 Nxd5 {[%cal Bf6d5,Bd5c3,Bc3e2][%mdl 32]} 23. Nc4 Nxc3 24. Nxe5 $2 (24. Bxc3 $15 Re6 25. Bd4) 24... Ne2+ $19 ({Not} 24... Nxb1 25. Nxd7 Nxd7 26. Qxb1 $11) 25. Kf1 {[#]} Nxg3+ $1 {[%mdl 512]} 26. fxg3 Bxe5 27. Be1 Qd8 28. Qd2 Bc6 29. Kg1 Nd3 30. a4 Nxe1 31. Qxe1 Qg5 32. a5 Bxg3 33. Qd2 Be5 34. Rb6 {intending a6.} Qd8 35. Rb1 Qd7 36. Rc1 Kg7 37. Qc2 Bd5 38. Rd1 Qb5 39. Qd2 (39. Bxe4 $142 Bxe4 40. Qxe4) 39... Bc6 40. Bf1 Qb3 41. Rc1 Bb5 42. Bxb5 Qxb5 {[%mdl 4096] Endgame KQR-KQB} 43. Rd1 Qb3 44. Rf1 $2 (44. Rc1) 44... d5 45. Rd1 $2 {[#]} (45. Qf2 {might work better.} f5 46. Kg2) 45... d4 $1 {Black is clearly winning.} 46. exd4 {[#]} Bf4 $1 {[%mdl 512]} 47. Qe2 (47. Qxf4 Qxd1+) 47... Qxh3 {( -> ...Be3+)} 48. Re1 Bg3 {aiming for ...e3.} 49. Rd1 {[#]} Bh2+ $1 {[%mdl 512]} 50. Qxh2 Qg4+ 51. Kf2 {And now Re1 would win.} Qxd1 {KQ-KQ} 52. Qe5+ {[#]} Kh7 $1 53. Qxe4 Qd2+ 54. Kf3 Qc3+ 55. Ke2 Qb2+ 56. Kf3 Qb5 57. Ke3 (57. d5 $142 Qxa5 58. Qd3) 57... Qg5+ 58. Kd3 Qf5 59. d5 {Qxf5 is the strong threat.} Kg7 60. Kd4 {Precision: White = 43%, Black = 73%.} (60. Qxf5 $19 gxf5 61. Kd4) 0-1

[Event "46th GRE-chT Premier 2018"]
[Site "Rio Achaia"]
[Date "2018.07.11"]
[Round "3"]
[White "Dochev, Dimitar"]
[Black "Argiroudis, Stamatis"]
[Result "1/2-1/2"]
[WhiteElo "2399"]
[BlackElo "2306"]
[Annotator "NA"]
[PlyCount "69"]
[EventDate "2018.07.10"]
[EventType "team-tourn"]
[EventCountry "GRE"]
[SourceTitle "playchess.com"]
[Source "ChessBase"]
[SourceQuality "1"]
[TimeControl "40/5400+30:1800+30"]

1. e4 {[%emt 0:00:26]} e6 {[%emt 0:00:37]} 2. d4 {[%emt 0:02:40]} d5 {[%emt 0:00:06]} 3. Nd2 {[%emt 0:02:22]} c5 {[%emt 0:01:18]} 4. Ngf3 {[%emt 0:08:48]} cxd4 {[%emt 0:01:30]} 5. Nxd4 {[%emt 0:04:11]} Nc6 {[%emt 0:02:58]} 6. Bb5 {[%emt 0:24:11]} Bd7 {[%emt 0:01:56]} 7. Nxc6 {[%emt 0:03:24]} Bxc6 {[%emt 0:03:19]} 8. Bxc6+ {[%emt 0:00:11]} bxc6 {[%emt 0:00:06]} 9. c4 {[%emt 0:05:38]} dxe4 {[%emt 0:06:41]} 10. Nxe4 {[%emt 0:02:06]} Qxd1+ {[%emt 0:00:47]} 11. Kxd1 {[%emt 0:00:06]} Nf6 {[%emt 0:00:39]} 12. Nxf6+ {[%emt 0:00:12]} gxf6 {[%emt 0:00:06]} 13. Be3 {[%emt 0:02:02]} Rg8 {[%emt 0:03:25]} 14. g3 {[%emt 0:02:45]} c5 {[%emt 0:04:19]} 15. Kc2 {[%emt 0:00:47]} Kd7 {[%emt 0:01:29]} 16. Rad1+ {[%emt 0:05:47]} Kc6 {[%emt 0:01:56]} 17. Rd3 {[%emt 0:03:37]} Be7 {[%emt 0:02:42]} 18. Rhd1 {[%emt 0:11:45]} Rgd8 {[%emt 0:02:14]} 19. Rxd8 {[%emt 0:04:08]} Bxd8 {[%emt 0:01:26]} 20. Rd3 {[%emt 0:00:52]} f5 {[%emt 0:05:25]} 21. Ra3 {[%emt 0:01:17]} a6 {[%emt 0:00:45]} 22. Ra4 {[%emt 0:05:43]} Bb6 {[%emt 0:23:07]} 23. a3 {[%emt 0:00:26]} f6 {[%emt 0:06:42]} 24. b4 {[%emt 0:00:58]} Ra7 {[%emt 0:00:16]} 25. Rxa6 {[%emt 0:03:42]} Rxa6 {[%emt 0:01:01]} 26. b5+ {[%emt 0:00:04]} Kb7 {[%emt 0:00:03]} 27. bxa6+ {[%emt 0:00:05]} Kxa6 {[%emt 0:00:03]} 28. Kb3 {[%emt 0:00:16]} Kb7 {[%emt 0:03:28]} 29. Bd2 {[%emt 0:02:50]} Bc7 {[%emt 0:02:09]} 30. Kc2 {[%emt 0:02:47]} Be5 {[%emt 0:02:16]} 31. Kd3 {[%emt 0:00:10]} Kb6 {[%emt 0:01:24]} 32. Be3 {[%emt 0:00:08]} Bd6 {[%emt 0:00:07]} 33. Bd2 {[%emt 0:00:36]} Be5 {[%emt 0:00:20]} 34. Be3 {[%emt 0:00:21]} Bd6 {[%emt 0:00:38]} 35. Bd2 {[%emt 0:01:00]} 1/2-1/2

[Event "46th GRE-chT Premier 2018"]
[Site "Rio Achaia"]
[Date "2018.07.11"]
[Round "3"]
[White "Maier, Christian"]
[Black "Sidiropoulos, Nikolaos"]
[Result "1/2-1/2"]
[WhiteElo "2378"]
[BlackElo "2112"]
[Annotator "NA"]
[PlyCount "96"]
[EventDate "2018.07.10"]
[EventType "team-tourn"]
[EventCountry "GRE"]
[SourceTitle "playchess.com"]
[Source "ChessBase"]
[SourceQuality "1"]
[TimeControl "40/5400+30:1800+30"]

1. d4 {[%emt 0:00:00]} g6 {[%emt 0:01:35]} 2. Nf3 {[%emt 0:02:55]} Bg7 {[%emt 0:00:15]} 3. Bf4 {[%emt 0:01:31]} d6 {[%emt 0:00:39]} 4. Nc3 {[%emt 0:00:40]} Nf6 {[%emt 0:01:42]} 5. Qd2 {[%emt 0:03:16]} O-O {[%emt 0:01:38]} 6. Bh6 {[%emt 0:04:10]} c5 {[%emt 0:01:19]} 7. Bxg7 {[%emt 0:03:25]} Kxg7 {[%emt 0:00:06]} 8. e3 {[%emt 0:00:15]} cxd4 {[%emt 0:06:32]} 9. Nxd4 {[%emt 0:01:23]} Nc6 {[%emt 0:01:06]} 10. Be2 {[%emt 0:00:22]} e5 {[%emt 0:17:07]} 11. Nf3 {[%emt 0:04:55]} Qe7 {[%emt 0:06:20]} 12. O-O {[%emt 0:12:32]} Rd8 {[%emt 0:02:12]} 13. e4 {[%emt 0:01:38]} Bg4 {[%emt 0:05:56]} 14. Nd5 {[%emt 0:02:11]} Nxd5 {[%emt 0:00:11]} 15. exd5 {[%emt 0:00:10]} Bxf3 {[%emt 0:01:24]} 16. Bxf3 {[%emt 0:00:07]} Nb8 {[%emt 0:01:03]} 17. Rae1 {[%emt 0:03:44]} f5 {[%emt 0:01:13]} 18. g4 {[%emt 0:04:34]} Nd7 {[%emt 0:09:59]} 19. gxf5 {[%emt 0:00:06]} gxf5 {[%emt 0:00:09]} 20. Kh1 {[%emt 0:00:05]} h6 {[%emt 0:02:08]} 21. Rg1+ {[%emt 0:03:57]} Kh7 {[%emt 0:00:07]} 22. Rg3 {[%emt 0:00:50]} Rg8 {[%emt 0:02:13]} 23. Reg1 {[%emt 0:00:08]} Rxg3 {[%emt 0:09:01]} 24. hxg3 {[%emt 0:01:19]} e4 {[%emt 0:02:36]} 25. Be2 {[%emt 0:01:37]} Qe5 {[%emt 0:01:12]} 26. c4 {[%emt 0:01:22]} Re8 {[%emt 0:05:37]} 27. Kg2 {[%emt 0:01:42]} f4 {[%emt 0:10:04]} 28. gxf4 {[%emt 0:04:16]} Rg8+ {[%emt 0:00:50]} 29. Kf1 {[%emt 0:00:06]} Rxg1+ {[%emt 0:00:09]} 30. Kxg1 {[%emt 0:00:04]} Qf5 {[%emt 0:00:34]} 31. Qe3 {[%emt 0:00:36]} Nf6 {[%emt 0:00:43]} 32. Qxa7 {[%emt 0:04:42]} Qxf4 {[%emt 0:00:33]} 33. Qxb7+ {[%emt 0:00:10]} Kg6 {[%emt 0:00:21]} 34. Qb3 {[%emt 0:00:06]} Qd2 {[%emt 0:02:21]} 35. Qg3+ {[%emt 0:02:55]} Kf5 {[%emt 0:00:44]} 36. Bf1 {[%emt 0:02:03]} Qe1 {[%emt 0:03:05]} 37. Qe3 {[%emt 0:06:51]} Qd1 {[%emt 0:02:29]} 38. Qg3 {[%emt 0:10:24]} Qe1 {[%emt 0:00:53]} 39. Qxd6 {[%emt 0:03:17]} Ng4 {[%emt 0:01:51]} 40. Qg3 {[%emt 0:00:00]} h5 {[%emt 0:00:00]} 41. d6 {[%emt 0:07:39]} h4 {[%emt 0:01:56]} 42. Qxh4 {[%emt 0:14:04]} e3 {[%emt 0:00:26]} 43. Qh5+ {[%emt 0:01:56]} Kf6 {[%emt 0:03:22]} 44. Qh4+ {[%emt 0:04:44]} Kf5 {[%emt 0:00:44]} 45. Qh5+ {[%emt 0:07:08]} Kf6 {[%emt 0:00:05]} 46. Qh4+ Kf5 47. Qh3 Kf6 48. Qh4+ Ke5 1/2-1/2

[Event "46th GRE-chT Premier 2018"]
[Site "Rio Achaia"]
[Date "2018.07.11"]
[Round "3"]
[White "Pavlidis, Anastasios"]
[Black "Panagiotakopoulos, Gerasimos"]
[Result "1/2-1/2"]
[WhiteElo "2362"]
[BlackElo "2165"]
[Annotator "NA"]
[PlyCount "139"]
[EventDate "2018.07.10"]
[EventType "team-tourn"]
[EventCountry "GRE"]
[SourceTitle "playchess.com"]
[Source "ChessBase"]
[SourceQuality "1"]
[TimeControl "40/5400+30:1800+30"]

1. d4 {[%emt 0:00:00]} d5 {[%emt 0:00:00]} 2. Nf3 {[%emt 0:00:02]} Nf6 {[%emt 0:00:00]} 3. c4 {[%emt 0:01:09]} c6 {[%emt 0:00:00]} 4. e3 {[%emt 0:03:20]} e6 {[%emt 0:00:56]} 5. Bd3 {[%emt 0:00:41]} Nbd7 {[%emt 0:01:19]} 6. Nbd2 {[%emt 0:04:07]} Bd6 {[%emt 0:03:09]} 7. O-O {[%emt 0:01:34]} b6 {[%emt 0:04:54]} 8. e4 {[%emt 0:02:19]} dxe4 {[%emt 0:00:31]} 9. Nxe4 {[%emt 0:00:00]} Nxe4 {[%emt 0:05:14]} 10. Bxe4 {[%emt 0:00:00]} Bb7 {[%emt 0:00:01]} 11. Re1 {[%emt 0:03:45]} h6 {[%emt 0:11:20]} 12. d5 {[%emt 0:05:59]} cxd5 {[%emt 0:00:21]} 13. Bxd5 {[%emt 0:02:17]} Bxd5 {[%emt 0:23:49]} 14. cxd5 {[%emt 0:00:28]} O-O {[%emt 0:00:34]} 15. dxe6 {[%emt 0:00:39]} Nf6 {[%emt 0:02:56]} 16. Qb3 {[%emt 0:03:29]} Qc7 {[%emt 0:02:13]} 17. Bd2 {[%emt 0:01:53]} Rad8 {[%emt 0:00:23]} 18. Bf4 {[%emt 0:05:10]} fxe6 {[%emt 0:03:22]} 19. Qxe6+ {[%emt 0:03:28]} Kh8 {[%emt 0:00:33]} 20. Rac1 {[%emt 0:00:50]} Qb8 {[%emt 0:02:33]} 21. Ne5 {[%emt 0:01:05]} Bxe5 {[%emt 0:03:51]} 22. Bxe5 {[%emt 0:01:47]} Qa8 {[%emt 0:02:19]} 23. h3 {[%emt 0:05:10]} Rde8 {[%emt 0:01:28]} 24. Qb3 {[%emt 0:01:34]} Ne4 {[%emt 0:02:28]} 25. Bd4 {[%emt 0:01:37]} Qd8 {[%emt 0:00:31]} 26. Rcd1 {[%emt 0:01:22]} Qh4 {[%emt 0:01:04]} 27. Qc2 {[%emt 0:04:28]} Nf6 {[%emt 0:03:54]} 28. Rxe8 {[%emt 0:03:20]} Rxe8 {[%emt 0:00:10]} 29. g3 {[%emt 0:07:54]} Qxh3 {[%emt 0:06:23]} 30. Bxf6 {[%emt 0:00:11]} gxf6 {[%emt 0:00:02]} 31. Qg6 {[%emt 0:00:19]} Qe6 {[%emt 0:01:43]} 32. Qxh6+ {[%emt 0:01:02]} Kg8 {[%emt 0:00:01]} 33. Qg6+ {[%emt 0:01:37]} Kf8 {[%emt 0:00:16]} 34. Qh7 {[%emt 0:00:28]} Qe7 {[%emt 0:05:19]} 35. Qh8+ {[%emt 0:02:09]} Kf7 {[%emt 0:00:02]} 36. Qh3 {[%emt 0:00:48]} Qe4 {[%emt 0:02:07]} 37. Rd7+ {[%emt 0:03:04]} Re7 {[%emt 0:00:34]} 38. Qh5+ {[%emt 0:02:07]} Ke6 {[%emt 0:02:03]} 39. Rd1 {[%emt 0:01:46]} Rh7 {[%emt 0:02:05]} 40. Qe8+ {[%emt 0:00:00]} Kf5 {[%emt 0:00:00]} 41. Qxe4+ {[%emt 0:01:22]} Kxe4 {[%emt 0:00:15]} 42. Kg2 {[%emt 0:00:14]} Rc7 {[%emt 0:00:47]} 43. Re1+ {[%emt 0:00:56]} Kf5 {[%emt 0:01:06]} 44. Re2 {[%emt 0:00:04]} Rc4 {[%emt 0:00:41]} 45. Rd2 {[%emt 0:00:18]} Ra4 {[%emt 0:03:43]} 46. a3 {[%emt 0:02:02]} Rc4 {[%emt 0:00:44]} 47. Kf3 {[%emt 0:00:34]} Rc5 {[%emt 0:03:20]} 48. Rd4 {[%emt 0:04:26]} a5 {[%emt 0:01:55]} 49. g4+ {[%emt 0:02:26]} Kg6 {[%emt 0:02:50]} 50. Rd2 {[%emt 0:02:49]} Rb5 {[%emt 0:01:20]} 51. Kf4 {[%emt 0:00:56]} Rb3 {[%emt 0:02:25]} 52. f3 {[%emt 0:00:21]} b5 {[%emt 0:01:03]} 53. Ke4 {[%emt 0:02:20]} a4 {[%emt 0:00:52]} 54. f4 {[%emt 0:02:58]} b4 {[%emt 0:00:50]} 55. axb4 {[%emt 0:03:22]} Rxb4+ {[%emt 0:00:09]} 56. Rd4 {[%emt 0:00:14]} Rxb2 {[%emt 0:00:04]} 57. Rxa4 {[%emt 0:00:07]} Rg2 {[%emt 0:02:14]} 58. Kf3 {[%emt 0:00:08]} Rg1 {[%emt 0:00:04]} 59. Ra7 {[%emt 0:02:03]} Rf1+ {[%emt 0:07:25]} 60. Kg3 {[%emt 0:00:20]} Rg1+ {[%emt 0:00:41]} 61. Kh3 {[%emt 0:00:51]} Rh1+ {[%emt 0:05:15]} 62. Kg3 {[%emt 0:00:04]} Rg1+ {[%emt 0:00:06]} 63. Kf3 {[%emt 0:00:05]} Rf1+ {[%emt 0:00:03]} 64. Ke4 {[%emt 0:00:07]} Re1+ {[%emt 0:01:42]} 65. Kd5 {[%emt 0:00:20]} Rd1+ {[%emt 0:00:35]} 66. Ke6 {[%emt 0:00:11]} Re1+ {[%emt 0:00:07]} 67. Kd6 {[%emt 0:00:46]} f5 {[%emt 0:03:28]} 68. gxf5+ {[%emt 0:04:54]} Kxf5 {[%emt 0:00:10]} 69. Rf7+ {[%emt 0:00:09]} Kg6 {[%emt 0:00:04]} 70. Rf8 {[%emt 0:00:20]} 1/2-1/2